مذكرات أدولف هتلر : كفاحي / (رقم التسجيلة. 116906)

تفاصيل مارك
000 -LEADER
fixed length control field 00677nam a22002177a 4500
005 - DATE AND TIME OF LATEST TRANSACTION
control field 20251108174737.0
008 - FIXED-LENGTH DATA ELEMENTS--GENERAL INFORMATION
fixed length control field 250721s2008 xx 000 0 ara d
082 14 - DEWEY DECIMAL CLASSIFICATION NUMBER
Classification number 923.143/هتل
100 1# - MAIN ENTRY--PERSONAL NAME
Personal name هتلر، أدولف
245 10 - TITLE STATEMENT
Title مذكرات أدولف هتلر : كفاحي /
264 1# - PRODUCTION, PUBLICATION, DISTRIBUTION, MANUFACTURE, AND COPYRIGHT NOTICE
Place of production, publication, distribution, manufacture عمان :
Name of producer, publisher, distributor, manufacturer الأهلية للنشر و التوزيع،
Date of production, publication, distribution, manufacture, or copyright notice 2008.
300 ## - PHYSICAL DESCRIPTION
Extent 352ص.
600 07 - SUBJECT ADDED ENTRY--PERSONAL NAME
Personal name أدولف هتلر
650 17 - SUBJECT ADDED ENTRY--TOPICAL TERM
Topical term or geographic name as entry element التراجم
650 17 - SUBJECT ADDED ENTRY--TOPICAL TERM
Topical term or geographic name as entry element رؤساء الدول
650 17 - SUBJECT ADDED ENTRY--TOPICAL TERM
Topical term or geographic name as entry element تاريخ ألمانيا
700 1# - ADDED ENTRY--PERSONAL NAME
Personal name الحيدري، هشام
Relator term مترجم
700 1# - ADDED ENTRY--PERSONAL NAME
Personal name الجراح، عصام
Relator term مراجع
942 ## - ADDED ENTRY ELEMENTS (KOHA)
Source of classification or shelving scheme Dewey Decimal Classification
Koha item type كتب
المقتنيات
حالة السحب حالة الفقدان مصدر التصنيف حالة التلف غير قابل للإعارة المكتبة الرئيسية المكتبة الحالية موقع الرف تاريخ التزويد الرقم المتسلسل Total Checkouts رقم الإستدعاء تاريخ آخر ظهور تاريخ الفاتورة نوع المادة (كوها) الباركود
    Dewey Decimal Classification     المكتبة المركزية المكتبة المركزية مقتنيات قسم التزويد 28/07/2025 1295850   923.143/هتل 28/07/2025 28/07/2025 كتب  
    Dewey Decimal Classification     المكتبة المركزية المكتبة المركزية مقتنيات قسم التزويد 28/07/2025 1295851   923.143/هتل 28/07/2025 28/07/2025 كتب  
    Dewey Decimal Classification     المكتبة المركزية المكتبة المركزية مقتنيات قسم التزويد 28/07/2025 1295852   923.143/هتل 28/07/2025 28/07/2025 كتب  
    Dewey Decimal Classification     المكتبة المركزية المكتبة المركزية مقتنيات قسم التزويد 28/07/2025 1295853   923.143/هتل 28/07/2025 28/07/2025 كتب  
    Dewey Decimal Classification     المكتبة المركزية المكتبة المركزية مقتنيات قسم التزويد 28/07/2025 1295854   923.143/هتل 28/07/2025 28/07/2025 كتب  
    Dewey Decimal Classification     المكتبة المركزية المكتبة المركزية مقتنيات قسم التزويد 28/07/2025 1295855   923.143/هتل 28/07/2025 28/07/2025 كتب  
    Dewey Decimal Classification     مكتبة أبو علندا العامة مكتبة أبو علندا العامة الإعارة 01/07/2009 1295856   923.143/هتل 28/07/2025 01/07/2009 كتب PLD00099590
    Dewey Decimal Classification     مكتبة الأميرة ايمان العامة مكتبة الأميرة ايمان العامة الإعارة 01/07/2009 1295857   923.143/هتل 28/07/2025 01/07/2009 كتب PLD00099591
    Dewey Decimal Classification     مكتبة الاميرة بديعة مكتبة الاميرة بديعة الإعارة 01/07/2009 1295858   923.143/هتل 28/07/2025 01/07/2009 كتب PLD00099592
    Dewey Decimal Classification     مكتبة الجويدة مكتبة الجويدة الإعارة 01/07/2009 1295859   923.143/هتل 28/07/2025 01/07/2009 كتب PLD00099593
    Dewey Decimal Classification     مكتبة ومركز فرح مكتبة ومركز فرح الإعارة 01/07/2009 1295865   923.143/هتل 28/07/2025 01/07/2009 كتب PLD00099599
Implemented & Customized by: BBB with SCIT (Smart Chains for Information Technology)

Powered by Koha